Outlines of Muhammadam law (Record no. 7224)
[ view plain ]
| 000 -LEADER | |
|---|---|
| fixed length control field | 00501 a2200181 4500 |
| 020 ## - INTERNATIONAL STANDARD BOOK NUMBER | |
| International Standard Book Number | 0-19-564814-5 |
| 040 ## - CATALOGING SOURCE | |
| Original cataloging agency | DLC |
| Language of cataloging | DLC |
| 082 0# - DEWEY DECIMAL CLASSIFICATION NUMBER | |
| Classification number | 340.59 |
| 100 1# - MAIN ENTRY--PERSONAL NAME | |
| Personal name | Fyzee, Asaf Ali Asghar |
| 245 00 - TITLE STATEMENT | |
| Title | Outlines of Muhammadam law |
| Statement of responsibility, etc. | Asaf A. A. Fyzee |
| 250 ## - EDITION STATEMENT | |
| Edition statement | 4. ed., [New ed.] |
| 260 ## - PUBLICATION, DISTRIBUTION, ETC. | |
| Place of publication, distribution, etc. | New Delhi ; |
| Name of publisher, distributor, etc. | Oxford Univ. Press, |
| Date of publication, distribution, etc. | cop. 1999 |
| 300 ## - PHYSICAL DESCRIPTION | |
| Extent | xix, 520 s, ; |
| Dimensions | 22cm |
| 440 #0 - SERIES STATEMENT/ADDED ENTRY--TITLE | |
| Title | Law in India series |
| 440 #0 - SERIES STATEMENT/ADDED ENTRY--TITLE | |
| Title | Oxford India paperbacks |
| 650 #7 - SUBJECT ADDED ENTRY--TOPICAL TERM | |
| Topical term or geographic name entry element | Islamic law |
| 942 ## - ADDED ENTRY ELEMENTS (KOHA) | |
| Koha item type | Book |
| Call number prefix | 340.59 ASA |
| Source of classification or shelving scheme | |
| Withdrawn status | Lost status | Source of classification or shelving scheme | Damaged status | Not for loan | Permanent Location | Current Location | Shelving location | Date acquired | Source of acquisition | Cost, normal purchase price | Total Renewals | Full call number | Barcode | Date last seen | Price effective from | Koha item type | Total Checkouts | Date last checked out |
|---|---|---|---|---|---|---|---|---|---|---|---|---|---|---|---|---|---|---|
| NUST Law School (NLS) | NUST Law School (NLS) | General Stacks | 05/07/2008 | Donation | 0.00 | 2 | 340.59 FYZ | SEECS009093 | 12/27/2022 | 01/05/2017 | Book | |||||||
| NUST Law School (NLS) | NUST Law School (NLS) | General Stacks | 05/07/2008 | Donation | 0.00 | 2 | 340.59 FYZ | SEECS009092 | 12/06/2022 | 01/05/2017 | Book | 2 | 11/16/2018 | |||||
| NUST Law School (NLS) | NUST Law School (NLS) | 09/10/2020 | 2 | 340.59 FYZ | RCMS000869 | 02/12/2024 | 09/10/2020 | Book | ||||||||||
| NUST Law School (NLS) | NUST Law School (NLS) | 09/10/2020 | 1 | 340.59 FYZ | NBSD-985 | 06/01/2024 | 09/10/2020 | Book | 1 | 02/28/2024 | ||||||||
| NUST Law School (NLS) | NUST Law School (NLS) | 09/10/2020 | 340.59 FYZ | NBSD-984 | 09/10/2020 | 09/10/2020 | Book | |||||||||||
| NUST Law School (NLS) | NUST Law School (NLS) | 09/10/2020 | 340.59 FYZ | S3H-N-1418 | 09/10/2020 | 09/10/2020 | Book |
